000 00534nam a2200193Ia 4500
008 101110s9999 xx 000 0 und d
041 _aENGLISH
082 _bSR13103
_a428
100 _aDoctor Aspi
245 _aA course in Communication skill in English (2nd ed.)
365 _b20
520 _aEnglish
546 _aENGLISH
630 _aA course in Communication skill in English (2nd ed.)
650 _aEnglish
655 _aEnglish
730 _aA course in Communication skill in English (2nd ed.)
942 _cBOOK
999 _c807377
_d807374